Nations in the 2016 Summer Olympics - Statistics

General Stats
  • This quiz has been taken 23 times
    22 since last reset
  • The average score is 191 of 206
Answer Stats
Hint Answer % Correct
Europe Albania
100%
Africa Algeria
100%
Europe Andorra
100%
Africa Angola
100%
America Argentina
100%
Oceania Australia
100%
Europe Austria
100%
America Bahamas
100%
America Barbados
100%
Europe Belgium
100%
Europe Bosnia and Herzegovina
100%
Africa Botswana
100%
America Brazil
100%
Europe Bulgaria
100%
America Chile
100%
Asia China
100%
America Colombia
100%
Europe Croatia
100%
America Cuba
100%
Europe Czech Republic
100%
Africa Democratic Republic of the Congo
100%
Europe Denmark
100%
America Dominica
100%
America Dominican Republic
100%
America Ecuador
100%
Africa Egypt
100%
Africa Eritrea
100%
Europe Estonia
100%
Africa Ethiopia
100%
Oceania Fiji
100%
Europe Finland
100%
Europe France
100%
Europe Germany
100%
Africa Ghana
100%
Europe Great Britain
100%
Europe Greece
100%
America Guatemala
100%
America Haiti
100%
America Honduras
100%
Europe Hungary
100%
Europe Iceland
100%
Europe Ireland
100%
Europe Italy
100%
Africa Ivory Coast
100%
America Jamaica
100%
Africa Kenya
100%
Oceania Kiribati
100%
Europe Kosovo
100%
Europe Latvia
100%
Africa Liberia
100%
Africa Libya
100%
Europe Liechtenstein
100%
Europe Lithuania
100%
Europe Luxembourg
100%
Europe Macedonia
100%
Africa Madagascar
100%
Africa Malawi
100%
Africa Mali
100%
Europe Malta
100%
America Mexico
100%
Europe Moldova
100%
Europe Monaco
100%
Asia Nepal
100%
Europe Netherlands
100%
Oceania New Zealand
100%
America Nicaragua
100%
Africa Niger
100%
Africa Nigeria
100%
Europe Norway
100%
America Peru
100%
Europe Portugal
100%
Africa Republic of the Congo
100%
Europe Romania
100%
Europe San Marino
100%
Africa Senegal
100%
Europe Serbia
100%
Europe Slovakia
100%
Europe Slovenia
100%
Africa Somalia
100%
Africa South Africa
100%
Africa South Sudan
100%
Europe Spain
100%
Asia Sri Lanka
100%
Africa Sudan
100%
Europe Sweden
100%
Europe Switzerland
100%
Africa Tanzania
100%
Africa The Gambia
100%
Africa Tunisia
100%
Asia Turkey
100%
Africa Uganda
100%
Europe Ukraine
100%
America United States
100%
America Venezuela
100%
Africa Zambia
100%
Asia Afghanistan
90%
Oceania American Samoa
90%
America Antigua and Barbuda
90%
Asia Armenia
90%
Asia Azerbaijan
90%
Asia Bahrain
90%
Asia Bangladesh
90%
Europe Belarus
90%
America Belize
90%
Africa Benin
90%
Asia Bhutan
90%
America Bolivia
90%
America British Virgin Islands
90%
Asia Brunei
90%
Africa Burundi
90%
Asia Cambodia
90%
Africa Cameroon
90%
America Canada
90%
Africa Cape Verde
90%
Africa Central African Republic
90%
Africa Chad
90%
America Costa Rica
90%
Africa Djibouti
90%
America El Salvador
90%
Africa Equatorial Guinea
90%
Oceania Federated States of Micronesia
90%
Africa Gabon
90%
Asia Georgia
90%
America Grenada
90%
Oceania Guam
90%
Africa Guinea
90%
Africa Guinea-Bissau
90%
America Guyana
90%
Asia Independent Olympic Athletes
90%
Asia Iran
90%
Asia Iraq
90%
Asia Japan
90%
Asia Kazakhstan
90%
Asia Kyrgyzstan
90%
Asia Laos
90%
Asia Maldives
90%
Oceania Marshall Islands
90%
Africa Mauritania
90%
Africa Mauritius
90%
Europe Montenegro
90%
Africa Morocco
90%
Africa Mozambique
90%
Asia Myanmar
90%
Oceania Nauru
90%
Asia North Korea
90%
Asia Oman
90%
Asia Pakistan
90%
Oceania Palau
90%
America Panama
90%
Oceania Papua New Guinea
90%
America Paraguay
90%
Asia Philippines
90%
Europe Poland
90%
Asia Qatar
90%
Europe Russia
90%
Africa Rwanda
90%
Oceania Samoa
90%
Asia Singapore
90%
Oceania Solomon Islands
90%
Asia South Korea
90%
America Suriname
90%
Africa Swaziland
90%
Asia Syria
90%
Asia Tajikistan
90%
Asia Thailand
90%
Africa Togo
90%
Oceania Tonga
90%
America Trinidad and Tobago
90%
Asia Turkmenistan
90%
Oceania Tuvalu
90%
Asia United Arab Emirates
90%
America Uruguay
90%
Asia Uzbekistan
90%
Oceania Vanuatu
90%
Asia Vietnam
90%
America Virgin Islands
90%
Asia Yemen
90%
Africa Zimbabwe
90%
America Aruba
80%
America Bermuda
80%
Africa Burkina Faso
80%
Asia Chinese Taipei
80%
Africa Comoros
80%
Oceania Cook Islands
80%
Asia Cyprus
80%
Asia East Timor
80%
Asia India
80%
Asia Indonesia
80%
Asia Israel
80%
Asia Jordan
80%
Asia Lebanon
80%
Africa Lesotho
80%
Africa Namibia
80%
Asia Palestine
80%
America Saint Kitts and Nevis
80%
America Saint Lucia
80%
America Saint Vincent and the Grenadines
80%
Africa São Tomé and Principe
80%
Africa Seychelles
80%
America Cayman Islands
70%
Asia Hong Kong
70%
Asia Malaysia
70%
Asia Mongolia
70%
America Puerto Rico
70%
Asia Saudi Arabia
70%
Africa Sierra Leone
70%
No matching quizzes found
Score Distribution
Percent of People with Each Score
Percentile by Number Answered
Your Score History
You have not taken this quiz since the last reset